| 000 | 01428cam a22003374a 4500 | ||
|---|---|---|---|
| 001 | 13942270 | ||
| 005 | 20060724193137.0 | ||
| 008 | 050426s2005 nyua 001 0 eng | ||
| 010 | _a2005047953 | ||
| 020 | _a0071446508 | ||
| 020 | _a9780071446501 | ||
| 040 |
_aDLC _cDLC _dDLC |
||
| 042 | _apcc | ||
| 050 | 0 | 0 |
_aQR41.2 _b.B48 2005 |
| 082 | 0 | 0 |
_a616.01 _222 _bBET |
| 100 | 1 |
_aBetsy, Tom. _923967 |
|
| 245 | 1 | 0 |
_aMicrobiology Demystified / _cTom Betsy, Jim Keogh. |
| 260 |
_aNew York : _bMcGraw-Hill, 2005 _c2005. |
||
| 300 |
_axviii, 285 p. : _bill. ; _c24 cm. |
||
| 500 | _aIncludes index. | ||
| 541 | _aDr. Shahrazad ; | ||
| 650 | 0 |
_aMicrobiology. _923968 |
|
| 653 |
_bNUR _cMay2011 |
||
| 700 | 1 |
_aKeogh, James Edward, _d1948- _923969 |
|
| 856 | 4 | 2 |
_3Contributor biographical information _uhttp://www.loc.gov/catdir/enhancements/fy0624/2005047953-b.html |
| 856 | 4 | 2 |
_3Publisher description _uhttp://www.loc.gov/catdir/enhancements/fy0624/2005047953-d.html |
| 856 | 4 | 1 |
_3Table of contents only _uhttp://www.loc.gov/catdir/enhancements/fy0624/2005047953-t.html |
| 942 |
_2ddc _cNRB |
||
| 999 |
_c15342 _d15342 |
||